| 000 | 00927nam a2200181 a 4500 | ||
|---|---|---|---|
| 008 | 120416s2003 ||||||||||||||||| || u | ||
| 050 | _aUN-ECE(058)ATP/2003 | ||
| 110 | _aUnited Nations Economic Commission for Europe (UNECE) | ||
| 245 | 1 | 0 |
_aATP as amended on 7 November 2003 : agreement on the international carriage of perishable foodstuffs and on the special equipment to be used for such carriage (ATP) _cby United Nations Economic Commission for Europe (UNECE) |
| 260 |
_aNew York : _bUnited Nations Economic Commission for Europe (UNECE) _c2003 |
||
| 300 | _aix, 81p. : ill. | ||
| 350 | _a0.00 | ||
| 650 | _aFOOD | ||
| 650 | 0 | _aCOLD STORAGE LOCKERS--LAW AND LEGISLATION | |
| 650 | 0 | _aFOOD--LAW AND LEGISLATION | |
| 650 | 0 | _aFOOD--TRANSPORTATION--LAW AND LEGISLATION | |
| 995 |
_D0.00 _FCBU-MAIN LIBRARY (Kitwe) _H1 _I0.00 _M1 _UAVAILABLE _ZInternational Publications |
||
| 999 |
_c35260 _d35260 |
||